000
00278nam a22001217a 4500
008
181023b xxu||||| |||| 00| 0 eng d
041
_a
eng
080
_a
910
100
_a
45
101
_a
NDE
245
_a
Borders Crossing Into Your Future
_c
Ambler.l
942
_2
udc
_c
BK
999
_c
50670
_d
50670